00412nam a2200169Ia 4500003000400000005001700004008004100021020001800062040000700080041000800087082001900095100002200114245004200136260004000178300001200218365001200230OSt20230427090938.0210423s2010 xx 000 0 und d a9788130905228 cAL aeng a428.2 LEEE223 aLEECH (Geoffrey). aEnglish grammar: a glossary of terms. aNew DelhibViva Books Pvt Ltdc2010 a133bPB b95cINR